[Event "BUL-chT2"]
[Site "Albena"]
[Date "2011.06.08"]
[Round "9.5"]
[White "Hristov, Atanas"]
[Black "Gochev, Plamen"]
[Result "1-0"]
[WhiteElo "2231"]
[BlackElo "1995"]
[PlyCount "153"]
[EventDate "2011.06.02"]
[EventType "team-tourn"]
[EventRounds "9"]
[EventCountry "BUL"]
[SourceTitle "CBM 142 Extra"]
[Source "ChessBase"]
[SourceDate "2011.06.27"]
[SourceVersion "1"]
[SourceVersionDate "2011.06.27"]
[SourceQuality "1"]
[WhiteTeam "Jambol Tundja"]
[BlackTeam "Dobrich Energiya 21"]
[WhiteTeamCountry "BUL"]
[BlackTeamCountry "BUL"]

1. d4 Nf6 2. Nf3 e6 3. Bg5 d5 4. e3 Be7 5. Bd3 Nbd7 6. Nbd2 c5 7. c3 0-0 8. Ne5 cxd4 9. exd4 h6 10. Bf4 Qb6 11. Qc2 Nxe5 12. dxe5 Nd7 13. Nf3 Nc5 14. Bh7+ Kh8 15. h4 f5 16. exf6 Bxf6 17. Ne5 Bxe5 18. Bxe5 Ne4 19. Bxe4 dxe4 20. 0-0 Qc6 21. Rae1 Bd7 22. Rxe4 Rf5 23. Qd2 Kh7 24. Qd4 Qd5 25. Qxd5 exd5 26. Re3 Rf7 27. Bd4 g5 28. hxg5 hxg5 29. Re5 Kg6 30. Rxd5 Re8 31. Be3 g4 32. Rfd1 Be6 33. Rd8 Rxd8 34. Rxd8 Bxa2 35. Rd6+ Kf5 36. Bxa7 b5 37. Be3 Bc4 38. Rd4 Be6 39. Rb4 Bc4 40. b3 Be2 41. c4 Rb7 42. Kh2 Rh7+ 43. Kg3 bxc4 44. bxc4 Re7 45. c5 Re4 46. Rxe4 Kxe4 47. c6 Kf5 48. c7 Ba6 49. f3 gxf3 50. Kxf3 Bb7+ 51. Kf2 Bc8 52. Bc5 Ke4 53. Kg3 Kd5 54. Bb4 Kc6 55. Ba5 Kb5 56. Bd2 Kc6 57. Bf4 Kd5 58. Kh4 Ke6 59. Kg5 Kf7 60. Kh5 Bd7 61. g4 Kg7 62. Be5+ Kh7 63. Kg5 Bc8 64. Kh5 Ba6 65. Bd4 Bb7 66. g5 Bf3+ 67. Kh4 Bb7 68. Kg4 Kg6 69. Kf4 Bc8 70. Bf6 Kf7 71. Ke5 Bd7 72. Kd6 Ke8 73. g6 Bf5 74. g7 Kf7 75. Bc3 Be6 76. g8Q+ Kxg8 77. Kxe6 1-0

[Event "BUL-chT2"]
[Site "Albena"]
[Date "2011.06.06"]
[Round "7.4"]
[White "Hristov, Atanas"]
[Black "Stanoev, Atanas"]
[Result "0-1"]
[WhiteElo "2231"]
[BlackElo "2226"]
[PlyCount "58"]
[EventDate "2011.06.02"]
[EventType "team-tourn"]
[EventRounds "9"]
[EventCountry "BUL"]
[SourceTitle "CBM 142 Extra"]
[Source "ChessBase"]
[SourceDate "2011.06.27"]
[SourceVersion "1"]
[SourceVersionDate "2011.06.27"]
[SourceQuality "1"]
[WhiteTeam "Jambol Tundja"]
[BlackTeam "Blagoevgrad Victory"]
[WhiteTeamCountry "BUL"]
[BlackTeamCountry "BUL"]

1. d4 Nf6 2. Nf3 g6 3. Bf4 Bg7 4. Nbd2 0-0 5. e4 d6 6. Bc4 Nc6 7. c3 Nd7 8. 0-0 e5 9. Be3 h6 10. dxe5 Ndxe5 11. Nxe5 Nxe5 12. Be2 d5 13. f4 Nc6 14. f5 d4 15. cxd4 Bxd4 16. Qb3 Bxe3+ 17. Qxe3 Qd4 18. Qxd4 Nxd4 19. Bd3 gxf5 20. exf5 Rd8 21. Nc4 Bd7 22. Rf4 Bb5 23. f6 Ne6 24. Rg4+ Kf8 25. Bf5 Bxc4 26. Rxc4 Nd4 27. Bh7 c6 28. Re1 Rd6 29. h4 b5 0-1

[Event "BUL-chT2"]
[Site "Albena"]
[Date "2011.06.05"]
[Round "5.3"]
[White "Hristov, Atanas"]
[Black "Kamenov, Gerasim"]
[Result "1-0"]
[WhiteElo "2231"]
[BlackElo "2124"]
[PlyCount "105"]
[EventDate "2011.06.02"]
[EventType "team-tourn"]
[EventRounds "9"]
[EventCountry "BUL"]
[SourceTitle "CBM 142 Extra"]
[Source "ChessBase"]
[SourceDate "2011.06.27"]
[SourceVersion "1"]
[SourceVersionDate "2011.06.27"]
[SourceQuality "1"]
[WhiteTeam "Jambol Tundja"]
[BlackTeam "Sofia Slavia"]
[WhiteTeamCountry "BUL"]
[BlackTeamCountry "BUL"]

1. d4 Nf6 2. Nf3 e6 3. Bf4 b6 4. e3 Bb7 5. Bd3 Nh5 6. Bg5 Be7 7. Bxe7 Qxe7 8. 0-0 Nf6 9. c4 Be4 10. Nc3 Bxd3 11. Qxd3 0-0 12. e4 d6 13. a3 e5 14. dxe5 dxe5 15. Nd5 Nxd5 16. Qxd5 Nd7 17. Rad1 Rad8 18. b4 Nc5 19. Qxe5 Qxe5 20. Nxe5 Nxe4 21. Nc6 Rd6 22. Rxd6 Nxd6 23. c5 bxc5 24. bxc5 Nc4 25. a4 Re8 26. Nxa7 Nb2 27. a5 Ra8 28. Nc6 Nd3 29. Rb1 Nxc5 30. Rb8+ Rxb8 31. Nxb8 Na4 32. Kf1 Kf8 33. Ke2 Ke7 34. Kd3 Kd6 35. Kc4 c6 36. Kb4 Nb2 37. a6 Kc7 38. a7 Kb7 39. Nxc6 Nd3+ 40. Kc3 Nxf2 41. Kd4 Ng4 42. h3 Nh6 43. Ke5 Ka8 44. g4 Ng8 45. Nd8 f6+ 46. Ke6 Nh6 47. Nf7 Ng8 48. Nd6 Nh6 49. Nf5 Nxf5 50. gxf5 Kxa7 51. Kf7 g6 52. fxg6 hxg6 53. Kxf6 1-0

[Event "BUL-chT2"]
[Site "Sunny Beach"]
[Date "2009.06.13"]
[Round "6.2"]
[White "Dimitrov, Marin"]
[Black "Hristov, Atanas"]
[Result "1-0"]
[WhiteElo "2067"]
[BlackElo "2272"]
[PlyCount "101"]
[EventDate "2009.06.08"]
[EventType "team-swiss"]
[EventRounds "7"]
[EventCountry "BUL"]
[SourceTitle "CBM 130 Extra"]
[Source "ChessBase"]
[SourceDate "2009.07.02"]
[SourceVersion "2"]
[SourceVersionDate "2009.07.15"]
[SourceQuality "1"]

1. d4 d5 2. c4 e6 3. Nc3 Nf6 4. Bg5 Nbd7 5. e3 c6 6. cxd5 exd5 7. Nf3 Be7 8. Bd3 0-0 9. 0-0 Re8 10. Qc2 Nf8 11. a3 Ne4 12. Bxe7 Qxe7 13. Bxe4 dxe4 14. Nd2 f5 15. Rac1 Ng6 16. g3 Qg5 17. Rce1 Be6 18. f4 Qg4 19. Qd1 Qh3 20. Qe2 Rad8 21. b4 b6 22. Nc4 h5 23. Ne5 Nxe5 24. fxe5 c5 25. bxc5 bxc5 26. d5 Rxd5 27. Nxd5 Bxd5 28. Qb5 Bf7 29. Qxc5 h4 30. e6 Bg6 31. Qe5 hxg3 32. hxg3 Bh5 33. Rf2 Bf3 34. Rh2 Qg4 35. Rb1 Qg5 36. Kf2 Qe7 37. Qxf5 Qxe6 38. Qxe6+ Rxe6 39. Rb8+ Kf7 40. Rb7+ Kf6 41. Rxa7 Rd6 42. g4 Bxg4 43. Kg3 Bf3 44. Rh7 g6 45. Rhf7+ Kg5 46. Ra5+ Kh6 47. Kf4 Rd1 48. Raa7 g5+ 49. Kf5 Rd5+ 50. Ke6 g4 51. Rh7+ 1-0

[Event "BUL-ch sf"]
[Site "Shumen"]
[Date "1995.??.??"]
[Round "2"]
[White "Hristov, Atanas"]
[Black "Angelov, Angel"]
[Result "1/2-1/2"]
[WhiteElo "2325"]
[BlackElo "2295"]
[PlyCount "62"]
[EventDate "1995.??.??"]
[EventType "swiss"]
[EventRounds "9"]
[EventCountry "BUL"]
[SourceTitle "EXT 2002"]
[Source "ChessBase"]
[SourceDate "2001.11.25"]
[SourceVersion "1"]
[SourceVersionDate "2001.11.25"]
[SourceQuality "1"]

1. d4 Nf6 2. Nf3 g6 3. c4 Bg7 4. Nc3 0-0 5. e4 d6 6. Be2 e5 7. dxe5 dxe5 8. Be3 Nc6 9. 0-0 Bg4 10. Rb1 Bxf3 11. Bxf3 Nd4 12. Nd5 c6 13. Nb4 Ne8 14. Bxd4 exd4 15. Nd3 Nc7 16. Re1 Qe7 17. b4 h5 18. g3 a5 19. b5 cxb5 20. cxb5 b6 21. Qa4 Ne6 22. Rbc1 Rac8 23. Rc4 Nc5 24. Qc2 Nxd3 25. Qxd3 Rc5 26. Rec1 Rfc8 27. Rxc5 Rxc5 28. Rxc5 Qxc5 29. Bd1 Bf6 30. Kg2 h4 31. Bb3 Kg7 1/2-1/2

[Event "BUL-ch sf"]
[Site "Shumen"]
[Date "1995.??.??"]
[Round "7"]
[White "Hristov, Atanas"]
[Black "Georgiev, Veselin"]
[Result "0-1"]
[WhiteElo "2325"]
[BlackElo "2245"]
[PlyCount "72"]
[EventDate "1995.??.??"]
[EventType "swiss"]
[EventRounds "9"]
[EventCountry "BUL"]
[SourceTitle "EXT 2002"]
[Source "ChessBase"]
[SourceDate "2001.11.25"]
[SourceVersion "1"]
[SourceVersionDate "2001.11.25"]
[SourceQuality "1"]

1. d4 d5 2. Nf3 Nf6 3. Bf4 e6 4. e3 Be7 5. Bd3 Nbd7 6. Nbd2 c5 7. c3 b6 8. Ne5 Nxe5 9. dxe5 Nd7 10. h4 Bb7 11. Qg4 Bf8 12. Nf3 Qc7 13. Ng5 Nxe5 14. Bb5+ Ke7 15. Qg3 f6 16. 0-0-0 c4 17. Nf3 Qc5 18. Bxe5 Qxb5 19. Bd6+ Ke8 20. Bxf8 Rxf8 21. Qxg7 Qd7 22. Qh6 Qf7 23. Nd4 Ke7 24. Qf4 Rad8 25. Qg4 Rg8 26. Qh3 a6 27. f4 h5 28. Rhg1 Rg4 29. g3 Rdg8 30. Rdf1 Qh7 31. Rf3 Qe4 32. Rgf1 b5 33. Qh2 Bc8 34. Qf2 Bd7 35. Rg1 b4 36. Ne2 Ba4 0-1

[Event "BUL-ch sf"]
[Site "Shumen"]
[Date "1995.??.??"]
[Round "6"]
[White "Marholev, Dimitar"]
[Black "Hristov, Atanas"]
[Result "1-0"]
[WhiteElo "2235"]
[BlackElo "2325"]
[PlyCount "55"]
[EventDate "1995.??.??"]
[EventType "swiss"]
[EventRounds "9"]
[EventCountry "BUL"]
[SourceTitle "EXT 2002"]
[Source "ChessBase"]
[SourceDate "2001.11.25"]
[SourceVersion "1"]
[SourceVersionDate "2001.11.25"]
[SourceQuality "1"]

1. e4 e5 2. Bc4 Nc6 3. Nf3 Nf6 4. d4 exd4 5. 0-0 d6 6. Nxd4 Be7 7. Nc3 0-0 8. h3 Ne5 9. Be2 Ned7 10. f4 c6 11. Bf3 Nc5 12. Nb3 Nxb3 13. cxb3 Ne8 14. Be3 a6 15. g4 Rb8 16. Bg2 b5 17. g5 f5 18. exf5 d5 19. Ne2 Nc7 20. Ng3 Bxf5 21. Nxf5 Rxf5 22. h4 g6 23. Bh3 Rf7 24. f5 gxf5 25. Bxf5 Qf8 26. Bxh7+ Kxh7 27. Qh5+ Kg8 28. Bd4 1-0